[Event "Titled Tuesday intern op 3rd Jan"]
[Site "Chess.com INT"]
[Date "2019.12.03"]
[Round "4"]
[White "Sorokobjagin, Sergey"]
[Black "Papenin, Nikolai"]
[Result "1/2-1/2"]
[WhiteElo "2253"]
[BlackElo "2332"]
[PlyCount "103"]
[EventDate "2019.12.03"]
[EventType "swiss (blitz)"]
[EventRounds "10"]
[EventCountry "USA"]
[SourceTitle "EXT 2021"]
[Source "ChessBase"]
[SourceDate "2020.10.23"]
[SourceVersion "1"]
[SourceVersionDate "2020.10.23"]
[SourceQuality "1"]

1. d4 Nf6 2. Nf3 g6 3. c4 c5 4. d5 b5 5. cxb5 a6 6. b6 d6 7. Nc3 Nbd7 8. e4 Bg7 9. b7 Bxb7 10. Be2 0-0 11. 0-0 a5 12. Bg5 a4 13. Rc1 Ba6 14. Re1 Qa5 15. Bxa6 Rxa6 16. e5 dxe5 17. Nxe5 Nxe5 18. Rxe5 a3 19. b3 Ng4 20. Rxe7 Nxf2 21. Kxf2 Bxc3 22. Qd3 Bd4+ 23. Be3 Rf6+ 24. Kg1 Qd8 25. Bxd4 cxd4 26. Re5 Rf4 27. Rf1 Qf6 28. Rxf4 Qxf4 29. Re4 Qc1+ 30. Kf2 Rc8 31. Qxd4 Qb2+ 32. Kg3 Qxa2 33. d6 Qxb3+ 34. Re3 Qb8 35. Rxa3 Rd8 36. Rd3 Rd7 37. h4 h5 38. Kf4 Qd8 39. g3 Qb8 40. Kg5 Qd8+ 41. Qf6 Qf8 42. g4 hxg4 43. Kxg4 Qg7 44. Kg5 Kh7 45. Qxg7+ Kxg7 46. h5 gxh5 47. Kxh5 Kf6 48. Kh6 Ke5 49. Kg5 Rxd6 50. Rxd6 Kxd6 51. Kf6 Kd7 52. Kxf7 1/2-1/2

[Event "RUS-chT rapid"]
[Site "Sochi"]
[Date "2019.10.18"]
[Round "1.3"]
[White "Papenin, Nikolai"]
[Black "Savchenko, Boris"]
[Result "0-1"]
[WhiteElo "2295"]
[BlackElo "2581"]
[PlyCount "108"]
[EventDate "2019.10.18"]
[EventType "team-swiss (rapid)"]
[EventRounds "9"]
[EventCountry "RUS"]
[SourceTitle "CBM 192 Extra"]
[Source "Chessbase"]
[SourceDate "2019.11.06"]
[SourceVersion "1"]
[SourceVersionDate "2019.11.06"]
[SourceQuality "1"]
[WhiteTeam "Republic of Crimea"]
[BlackTeam "Moscow CT (SCM)"]
[WhiteTeamCountry "RUS"]
[BlackTeamCountry "RUS"]

1. d4 d5 2. c4 e6 3. Nc3 a6 4. Nf3 dxc4 5. a4 c5 6. e3 cxd4 7. exd4 Nc6 8. Bxc4 Nf6 9. 0-0 Be7 10. Re1 0-0 11. Bg5 h6 12. Bh4 Nb4 13. Ne5 Rb8 14. Bg3 Ra8 15. Rc1 Bd7 16. d5 exd5 17. Nxd5 Nfxd5 18. Bxd5 Nxd5 19. Qxd5 Bxa4 20. Qxb7 Bg5 21. Ra1 Bb5 22. Rad1 Qc8 23. Qd5 Ra7 24. h4 Bf6 25. b4 Rd8 26. Qb3 Rxd1 27. Rxd1 Re7 28. Qd5 Qf5 29. Re1 Kh7 30. Kh2 h5 31. Re3 Rd7 32. Qc5 Rb7 33. Qf8 Qe6 34. Nf3 Qg4 35. Be5 Bxh4 36. Nxh4 Qxh4+ 37. Kg1 f6 38. Rh3 Qg4 39. Bxf6 gxf6 40. Rg3 Qe6 41. Rh3 Qf7 42. Qc5 Be8 43. Qf5+ Kh8 44. Qc8 Rb5 45. Qxa6 Rxb4 46. Qc8 Re4 47. Qf5 Re5 48. Qf4 Kh7 49. Rc3 Qe7 50. Kh2 Bg6 51. Rc8 Rf5 52. Qc4 Qe5+ 53. Kg1 Qe1+ 54. Kh2 Qxf2 0-1

[Event "RUS-ch blitz"]
[Site "Sochi"]
[Date "2019.10.17"]
[Round "14"]
[White "Papenin, Nikolai"]
[Black "Frolov, Aleksey G"]
[Result "1/2-1/2"]
[WhiteElo "2295"]
[BlackElo "2093"]
[PlyCount "91"]
[EventDate "2019.10.17"]
[EventType "swiss (blitz)"]
[EventRounds "15"]
[EventCountry "RUS"]
[SourceTitle "CBM 192 Extra"]
[Source "Chessbase"]
[SourceDate "2019.11.06"]
[SourceVersion "1"]
[SourceVersionDate "2019.11.06"]
[SourceQuality "1"]

1. d4 Nf6 2. c4 g6 3. Nc3 d5 4. cxd5 Nxd5 5. e4 Nxc3 6. bxc3 Bg7 7. Nf3 c5 8. Rb1 0-0 9. Be2 Bg4 10. Be3 Nc6 11. e5 Qd5 12. 0-0 Rfd8 13. h3 Bf5 14. Rb5 a6 15. Rxc5 Qxc5 16. dxc5 Rxd1 17. Rxd1 Nxe5 18. Bf4 Nd7 19. g4 Be6 20. Ng5 Nxc5 21. Be3 Na4 22. Bf3 Nxc3 23. Rd2 Bxa2 24. Bxb7 Rb8 25. Bxa6 Bd5 26. h4 Rb1+ 27. Kh2 Rh1+ 28. Kg3 h6 29. Bc4 Bxc4 30. Rd8+ Bf8 31. Nf3 Ne4+ 32. Kf4 Nf6 33. Kg3 Rb1 34. Bxh6 Nh7 35. Ng5 Rb3+ 36. Kh2 Rd3 37. Rc8 Be6 38. Rb8 Bxg4 39. Nxh7 Kxh7 40. Bxf8 Rd7 41. Re8 Be6 42. Bxe7 Rd2 43. Kg3 Bd7 44. Rd8 Rd3+ 45. f3 Bf5 46. Rxd3 1/2-1/2

[Event "RUS-ch rapid"]
[Site "Sochi"]
[Date "2019.10.15"]
[Round "2"]
[White "Drygalov, Andrey"]
[Black "Papenin, Nikolai"]
[Result "1-0"]
[WhiteElo "2484"]
[BlackElo "2295"]
[PlyCount "75"]
[EventDate "2019.10.15"]
[EventType "swiss"]
[EventRounds "11"]
[EventCountry "RUS"]
[SourceTitle "CBM 192 Extra"]
[Source "Chessbase"]
[SourceDate "2019.11.06"]
[SourceVersion "1"]
[SourceVersionDate "2019.11.06"]
[SourceQuality "1"]

1. e4 c5 2. Nf3 d6 3. d4 cxd4 4. Nxd4 Nf6 5. Nc3 a6 6. Be3 e5 7. Nb3 Be7 8. f3 Be6 9. Qd2 0-0 10. 0-0-0 Nbd7 11. g4 b5 12. g5 b4 13. Ne2 Ne8 14. f4 a5 15. f5 a4 16. fxe6 axb3 17. cxb3 fxe6 18. Kb1 Rxa2 19. Kxa2 Qa8+ 20. Kb1 Qxe4+ 21. Qd3 Qxh1 22. Bh3 Qb7 23. Bxe6+ Kh8 24. g6 Nef6 25. Ng3 e4 26. Qe2 Ne5 27. gxh7 Ra8 28. Nf5 Bf8 29. Bd4 Re8 30. Bxe5 Rxe6 31. Bxd6 e3 32. Bxf8 Qe4+ 33. Qc2 e2 34. Re1 Nh5 35. Qxe4 Rxe4 36. Bd6 g6 37. Ng3 Rd4 38. Be5+ 1-0

[Event "Marmaris Karya 9th"]
[Site "Marmaris"]
[Date "2019.08.26"]
[Round "5.4"]
[White "Oney, Adil Feridun"]
[Black "Papenin, Nikolai"]
[Result "1/2-1/2"]
[WhiteElo "2054"]
[BlackElo "2319"]
[PlyCount "61"]
[EventDate "2019.08.24"]
[EventType "schev"]
[EventRounds "10"]
[EventCountry "TUR"]
[SourceTitle "EXT 2020"]
[Source "ChessBase"]
[SourceDate "2019.10.17"]
[SourceVersion "1"]
[SourceVersionDate "2019.10.17"]
[SourceQuality "1"]

1. d4 Nf6 2. c4 c5 3. Nf3 cxd4 4. Nxd4 e5 5. Nc2 b5 6. Nc3 bxc4 7. e4 Bb7 8. f3 Qc7 9. Ne3 Bc5 10. Qa4 Qb6 11. Nxc4 Bf2+ 12. Kd1 Qd4+ 13. Bd2 0-0 14. Nb5 Bc6 15. Nxd4 Bxa4+ 16. Nc2 d5 17. exd5 Nxd5 18. b3 Be8 19. Nxe5 Nc6 20. Nxc6 Bxc6 21. Bc4 Rad8 22. Ke2 Bh4 23. Rhd1 Rd6 24. Bb4 Re8+ 25. Kf1 Rd7 26. Bxd5 Bxd5 27. Be1 Bf6 28. Rab1 Bc6 29. Na3 Rde7 30. Rbc1 Re6 31. Rc2 1/2-1/2

[Event "Marmaris Karya 9th"]
[Site "Marmaris"]
[Date "2019.08.25"]
[Round "4.5"]
[White "Papenin, Nikolai"]
[Black "Kirilmaz, Emre"]
[Result "1-0"]
[WhiteElo "2319"]
[BlackElo "2044"]
[PlyCount "63"]
[EventDate "2019.08.24"]
[EventType "schev"]
[EventRounds "10"]
[EventCountry "TUR"]
[SourceTitle "EXT 2020"]
[Source "ChessBase"]
[SourceDate "2019.10.17"]
[SourceVersion "1"]
[SourceVersionDate "2019.10.17"]
[SourceQuality "1"]

1. d4 d5 2. c4 e6 3. Nc3 Nf6 4. Nf3 Be7 5. Bf4 0-0 6. e3 Nbd7 7. c5 Nh5 8. Bd3 Nxf4 9. exf4 c6 10. 0-0 b6 11. b4 a5 12. a3 Ba6 13. Bxa6 Rxa6 14. Qe2 b5 15. Rfb1 Qc7 16. f5 e5 17. dxe5 Re8 18. e6 Bf6 19. Nxd5 cxd5 20. Qxb5 Raa8 21. Qxd7 Qxd7 22. exd7 Reb8 23. c6 Bd8 24. b5 a4 25. Ra2 Kf8 26. Rd2 Ba5 27. Rxd5 Ke7 28. g4 Ra6 29. d8Q+ Bxd8 30. Re1+ Kf6 31. bxa6 Be7 32. g5# 1-0

[Event "Marmaris Karya 9th"]
[Site "Marmaris"]
[Date "2019.08.24"]
[Round "1.3"]
[White "Kizilkus, Akin"]
[Black "Papenin, Nikolai"]
[Result "1-0"]
[WhiteElo "2135"]
[BlackElo "2319"]
[PlyCount "63"]
[EventDate "2019.08.24"]
[EventType "schev"]
[EventRounds "10"]
[EventCountry "TUR"]
[SourceTitle "EXT 2020"]
[Source "ChessBase"]
[SourceDate "2019.10.17"]
[SourceVersion "1"]
[SourceVersionDate "2019.10.17"]
[SourceQuality "1"]

1. d4 Nf6 2. c4 c5 3. d5 b5 4. cxb5 a6 5. bxa6 g6 6. Nc3 Bg7 7. e4 0-0 8. Nf3 Qa5 9. Bd2 Bxa6 10. Bxa6 Qxa6 11. Qe2 Qxe2+ 12. Kxe2 e6 13. dxe6 fxe6 14. Be3 Na6 15. Rhd1 Rfb8 16. Rab1 Rb7 17. h3 Rab8 18. b3 Ng4 19. hxg4 Bxc3 20. Rbc1 Bb2 21. Rc2 Bg7 22. Rcd2 Rd8 23. Bg5 Ra8 24. Rxd7 Rxd7 25. Rxd7 Nb4 26. Rd8+ Rxd8 27. Bxd8 Nxa2 28. Kd3 Nb4+ 29. Kc4 Bf8 30. Bb6 Nc6 31. Kb5 Nb4 32. Bxc5 1-0

[Event "Marmaris Karya 9th"]
[Site "Marmaris"]
[Date "2019.08.24"]
[Round "2.2"]
[White "Papenin, Nikolai"]
[Black "Karaoglan, Doruk"]
[Result "0-1"]
[WhiteElo "2319"]
[BlackElo "2246"]
[PlyCount "66"]
[EventDate "2019.08.24"]
[EventType "schev"]
[EventRounds "10"]
[EventCountry "TUR"]
[SourceTitle "EXT 2020"]
[Source "ChessBase"]
[SourceDate "2019.10.17"]
[SourceVersion "1"]
[SourceVersionDate "2019.10.17"]
[SourceQuality "1"]

1. d4 Nf6 2. c4 g6 3. Nc3 Bg7 4. e4 d6 5. Bd3 0-0 6. Nge2 Nc6 7. 0-0 e5 8. d5 Nd4 9. Nxd4 exd4 10. Ne2 Re8 11. f3 Nd7 12. Rb1 a5 13. Bc2 Qf6 14. b3 c5 15. a4 Qh4 16. Bd2 Ne5 17. Be1 Qh6 18. Kh1 f5 19. Bg3 Rf8 20. Nf4 g5 21. Nd3 f4 22. Be1 g4 23. Qe2 g3 24. h3 Rf6 25. Nxe5 dxe5 26. Kg1 Qh4 27. Bd3 Rh6 28. Rb2 Raa6 29. Bd2 Rag6 30. Be1 Qh5 31. Bxa5 Bxh3 32. gxh3 g2 33. Qxg2 Qxh3 0-1

[Event "Marmaris Karya 7th"]
[Site "Marmaris"]
[Date "2019.05.25"]
[Round "9.1"]
[White "Eminov, Orkhan"]
[Black "Papenin, Nikolai"]
[Result "1-0"]
[WhiteElo "2353"]
[BlackElo "2336"]
[PlyCount "49"]
[EventDate "2019.05.25"]
[EventType "schev"]
[EventRounds "10"]
[EventCountry "TUR"]
[SourceTitle "CBM 190 Extra"]
[Source "ChessBase"]
[SourceDate "2019.07.15"]
[SourceVersion "1"]
[SourceVersionDate "2019.07.15"]
[SourceQuality "1"]
[WhiteTeam "Yellow Team"]
[BlackTeam "Blue Team"]
[WhiteTeamCountry "TUR"]
[BlackTeamCountry "TUR"]

1. e4 c5 2. Nf3 d6 3. Bb5+ Nd7 4. d4 cxd4 5. Qxd4 a6 6. Bxd7+ Bxd7 7. Bg5 h6 8. Bh4 Nf6 9. Nc3 g5 10. Bg3 Bg7 11. 0-0-0 0-0 12. e5 dxe5 13. Bxe5 Bc6 14. Qb4 Qe8 15. Nd4 a5 16. Qc4 Rc8 17. Qe2 Bxg2 18. Rhg1 Bh3 19. f4 Rxc3 20. bxc3 Qa4 21. fxg5 Qa3+ 22. Kb1 hxg5 23. Rxg5 Qxc3 24. Rxg7+ Kxg7 25. Ne6+ 1-0

[Event "Marmaris Karya 7th"]
[Site "Marmaris"]
[Date "2019.05.25"]
[Round "1.4"]
[White "Kilic, Efe Mert"]
[Black "Papenin, Nikolai"]
[Result "1/2-1/2"]
[WhiteElo "2248"]
[BlackElo "2336"]
[PlyCount "56"]
[EventDate "2019.05.25"]
[EventType "schev"]
[EventRounds "10"]
[EventCountry "TUR"]
[SourceTitle "CBM 190 Extra"]
[Source "ChessBase"]
[SourceDate "2019.07.15"]
[SourceVersion "1"]
[SourceVersionDate "2019.07.15"]
[SourceQuality "1"]
[WhiteTeam "Yellow Team"]
[BlackTeam "Blue Team"]
[WhiteTeamCountry "TUR"]
[BlackTeamCountry "TUR"]

1. e4 c5 2. Nf3 d6 3. d4 cxd4 4. Nxd4 Nf6 5. Nc3 Nc6 6. Bg5 Bd7 7. Qd2 Rc8 8. f4 h6 9. Bxf6 gxf6 10. 0-0-0 Nxd4 11. Qxd4 Qa5 12. Kb1 Qc5 13. f5 Qxd4 14. Rxd4 a6 15. Nd5 Rg8 16. g3 h5 17. Be2 h4 18. Rg1 Bh6 19. Rdd1 hxg3 20. Rxg3 Rxg3 21. hxg3 Kf8 22. Rh1 Kg7 23. Nb6 Rd8 24. Nxd7 Rxd7 25. Bc4 Rc7 26. Bd5 Rd7 27. Bc4 Rc7 28. Bd5 Rd7 1/2-1/2

[Event "Titled Tuesday intern op 1st Jan"]
[Site "Chess.com INT"]
[Date "2019.01.01"]
[Round "4"]
[White "Krysa, Leandro Sergio"]
[Black "Papenin, Nikolai"]
[Result "1-0"]
[WhiteElo "2499"]
[BlackElo "2332"]
[PlyCount "59"]
[EventDate "2019.01.01"]
[EventType "swiss (blitz)"]
[EventRounds "10"]
[EventCountry "USA"]
[SourceTitle "EXT 2021"]
[Source "ChessBase"]
[SourceDate "2020.10.23"]
[SourceVersion "1"]
[SourceVersionDate "2020.10.23"]
[SourceQuality "1"]

1. c4 Nf6 2. g3 g6 3. Bg2 c5 4. Nc3 Bg7 5. Nf3 Nc6 6. d4 cxd4 7. Nxd4 0-0 8. 0-0 d6 9. Nxc6 bxc6 10. Bxc6 Rb8 11. Bg2 Qa5 12. Nb5 a6 13. Nd4 Bd7 14. b3 d5 15. Bd2 Qc5 16. Be3 Qa5 17. Bf4 Rbc8 18. Rc1 dxc4 19. Rxc4 Rxc4 20. bxc4 Qxa2 21. c5 Nd5 22. Nf5 Nxf4 23. Nxe7+ Kh8 24. Qxd7 Nxg2 25. Kxg2 Qxe2 26. c6 Bf6 27. Nd5 Bd4 28. c7 Qc2 29. Ne7 Qe4+ 30. Kg1 1-0

[Event "RUS-chT blitz"]
[Site "Sochi"]
[Date "2018.10.10"]
[Round "13.1"]
[White "Papenin, Nikolai"]
[Black "Iljiushenok, Ilia"]
[Result "0-1"]
[WhiteElo "2334"]
[BlackElo "2539"]
[PlyCount "102"]
[EventDate "2018.10.10"]
[EventType "team-swiss (blitz)"]
[EventRounds "15"]
[EventCountry "RUS"]
[SourceTitle "CBM 186 Extra"]
[Source "ChessBase"]
[SourceDate "2018.08.24"]
[SourceVersion "1"]
[SourceVersionDate "2018.08.24"]
[SourceQuality "1"]
[WhiteTeam "Krym Nash"]
[BlackTeam "Moscow Nosorogi"]
[WhiteTeamCountry "RUS"]
[BlackTeamCountry "RUS"]

1. d4 Nf6 2. c4 g6 3. Nc3 Bg7 4. e4 d6 5. Bd3 0-0 6. Nge2 Nc6 7. 0-0 Re8 8. f4 Bg4 9. h3 Bxe2 10. Bxe2 e5 11. d5 Nd4 12. fxe5 dxe5 13. Bg5 h6 14. Bh4 Qd6 15. Kh1 Nd7 16. Nb5 Qb6 17. a4 a5 18. Ra3 Nc5 19. Bd3 g5 20. Be1 Re7 21. Bb1 Rf8 22. h4 Qg6 23. hxg5 hxg5 24. Rh3 Nxe4 25. Nxd4 exd4 26. g4 f5 27. gxf5 Rxf5 28. Rg1 Rf4 29. Qd3 Bf6 30. Bg3 Nxg3+ 31. Rhxg3 Rh7+ 32. Kg2 Qxd3 33. Bxd3 Re7 34. Rh1 Re3 35. Rhh3 Rxg3+ 36. Rxg3 b6 37. Rh3 g4 38. Rh6 Bg7 39. Rc6 Be5 40. Re6 Bg7 41. Re4 Rxe4 42. Bxe4 Be5 43. Bd3 Kf7 44. Bf5 g3 45. Bd3 Ke7 46. Kf3 Kd6 47. b3 Kc5 48. Be4 Kb4 49. Bc2 Kc3 50. Bd1 d3 51. Ke4 g2 0-1

[Event "RUS-chT rapid"]
[Site "Sochi"]
[Date "2018.10.08"]
[Round "4.2"]
[White "Papenin, Nikolai"]
[Black "Kryakvin, Dmitry"]
[Result "0-1"]
[WhiteElo "2334"]
[BlackElo "2595"]
[PlyCount "58"]
[EventDate "2018.10.08"]
[EventType "team-swiss (rapid)"]
[EventRounds "9"]
[EventCountry "RUS"]
[SourceTitle "CBM 186 Extra"]
[Source "ChessBase"]
[SourceDate "2018.08.24"]
[SourceVersion "1"]
[SourceVersionDate "2018.08.24"]
[SourceQuality "1"]
[WhiteTeam "Krym Nash"]
[BlackTeam "Karpov Chess School"]
[WhiteTeamCountry "RUS"]
[BlackTeamCountry "RUS"]

1. d4 Nf6 2. c4 e6 3. Nc3 Bb4 4. g3 0-0 5. Bg2 d6 6. Nf3 Nc6 7. 0-0 e5 8. Nd5 exd4 9. Bg5 Bc5 10. Qc1 Nb4 11. Nxf6+ gxf6 12. Bh4 Kg7 13. Nd2 Bf5 14. Bxb7 Re8 15. a3 Nc2 16. Ra2 d3 17. e3 a5 18. b3 Rb8 19. Bc6 Re6 20. Kh1 Kg8 21. Qd1 Bg6 22. Qf3 Qf8 23. Bd5 Re5 24. Bxf6 Rf5 25. Qg4 Rxf6 26. Ne4 Rf5 27. Nxc5 dxc5 28. e4 Ne3 29. Qh3 Rh5 0-1

[Event "RUS-ch blitz"]
[Site "Sochi"]
[Date "2018.10.07"]
[Round "20.26"]
[White "Papenin, Nikolai"]
[Black "Kryakvin, Dmitry"]
[Result "1/2-1/2"]
[WhiteElo "2334"]
[BlackElo "2595"]
[PlyCount "65"]
[EventDate "2018.10.07"]
[EventType "swiss (blitz)"]
[EventRounds "20"]
[EventCountry "RUS"]
[SourceTitle "CBM 186 Extra"]
[Source "ChessBase"]
[SourceDate "2018.08.24"]
[SourceVersion "1"]
[SourceVersionDate "2018.08.24"]
[SourceQuality "1"]

1. d4 d5 2. c4 c6 3. Nf3 Nf6 4. Nc3 dxc4 5. a4 a5 6. e4 Bg4 7. Bxc4 e6 8. e5 Nd5 9. Nxd5 cxd5 10. Bb5+ Nc6 11. 0-0 Bb4 12. h3 Bh5 13. Be3 0-0 14. Rc1 Rc8 15. g4 Bg6 16. Ne1 Bxe1 17. Rxe1 Nb4 18. Qd2 Qh4 19. Kh2 Nc2 20. Bg5 Nxe1 21. Rxe1 Rc2 22. Qxc2 Qxg5 23. Qc1 f6 24. Qxg5 fxg5 25. Kg3 Be4 26. Re3 Rf4 27. Rc3 Bb1 28. Rc8+ Kf7 29. Rc7+ Kf8 30. Rc8+ Kf7 31. Rc7+ Kf8 32. Rc8+ Kf7 33. Rc7+ 1/2-1/2

[Event "RUS-ch blitz"]
[Site "Sochi"]
[Date "2018.10.07"]
[Round "12.23"]
[White "Papenin, Nikolai"]
[Black "Tomashevsky, Evgeny"]
[Result "0-1"]
[WhiteElo "2334"]
[BlackElo "2705"]
[PlyCount "116"]
[EventDate "2018.10.07"]
[EventType "swiss (blitz)"]
[EventRounds "20"]
[EventCountry "RUS"]
[SourceTitle "CBM 186 Extra"]
[Source "ChessBase"]
[SourceDate "2018.08.24"]
[SourceVersion "1"]
[SourceVersionDate "2018.08.24"]
[SourceQuality "1"]

1. d4 Nf6 2. c4 e6 3. Nc3 Bb4 4. g3 d6 5. Bg2 Nbd7 6. Nf3 Bxc3+ 7. bxc3 Rb8 8. 0-0 b6 9. Nd2 0-0 10. e4 e5 11. f4 c5 12. d5 Re8 13. f5 b5 14. g4 h6 15. cxb5 Rxb5 16. Nc4 Qe7 17. h4 Rb8 18. g5 hxg5 19. hxg5 Nh7 20. Rf3 Ba6 21. Na3 Nxg5 22. Rg3 f6 23. Qh5 Rb6 24. Bxg5 fxg5 25. Rxg5 Nf6 26. Qh4 Nh7 27. Rh5 Qxh4 28. Rxh4 Nf6 29. Kf2 Rb2+ 30. Kg3 Reb8 31. Bf3 Rd2 32. Rg1 Rbb2 33. Rgh1 Rxa2 34. Nb1 Rdc2 35. Rh8+ Kf7 36. Ra8 Be2 37. Rhh8 Bxf3 38. Kxf3 c4 39. Rhf8+ Ke7 40. Rfb8 Rf2+ 41. Kg3 Nxe4+ 42. Kg4 Nf6+ 43. Kg3 Rg2+ 44. Kh3 Rh2+ 45. Kg3 Rag2+ 46. Kf3 Rf2+ 47. Ke3 Nxd5+ 48. Ke4 Nf6+ 49. Ke3 Re2+ 50. Kf3 Rhf2+ 51. Kg3 Rxf5 52. Rxa7+ Ke6 53. Rbb7 Ne4+ 54. Kg4 Rf4+ 55. Kh3 Re3+ 56. Kg2 Rg3+ 57. Kh2 Rf2+ 58. Kh1 Rf6 0-1

[Event "RUS-ch rapid"]
[Site "Sochi"]
[Date "2018.10.05"]
[Round "2.19"]
[White "Yuffa, Daniil"]
[Black "Papenin, Nikolai"]
[Result "1-0"]
[WhiteElo "2563"]
[BlackElo "2334"]
[PlyCount "40"]
[EventDate "2018.10.05"]
[EventType "swiss (rapid)"]
[EventRounds "11"]
[EventCountry "RUS"]
[SourceTitle "CBM 186 Extra"]
[Source "ChessBase"]
[SourceDate "2018.08.24"]
[SourceVersion "1"]
[SourceVersionDate "2018.08.24"]
[SourceQuality "1"]

1. e4 c5 2. Nf3 d6 3. d4 cxd4 4. Nxd4 Nf6 5. Nc3 Nc6 6. Bg5 Bd7 7. Qd2 Rc8 8. f4 Nxd4 9. Qxd4 Qa5 10. e5 Rxc3 11. bxc3 Ne4 12. Qxe4 Qxc3+ 13. Kf2 Qxa1 14. Bb5 Qb2 15. Qxb7 Qd4+ 16. Ke2 Bxb5+ 17. Qxb5+ Kd8 18. Qb8+ Kd7 19. Qb7+ Ke6 20. Qc8+ Kd5 1-0

[Event "RUS-chT blitz"]
[Site "Sochi"]
[Date "2017.10.05"]
[Round "6"]
[White "Vastrukhin, Oleg"]
[Black "Papenin, Nikolai"]
[Result "1-0"]
[WhiteElo "2386"]
[BlackElo "2334"]
[PlyCount "89"]
[EventDate "2017.10.05"]
[EventType "team-swiss (blitz)"]
[EventRounds "15"]
[EventCountry "RUS"]
[SourceTitle "CBM 181 Extra"]
[Source "ChessBase"]
[SourceDate "2017.12.12"]
[SourceVersion "1"]
[SourceVersionDate "2017.12.12"]
[SourceQuality "1"]
[WhiteTeam "Krasnodar Territory AQ"]
[BlackTeam "Our Crimea Republic of Crimea"]
[WhiteTeamCountry "RUS"]
[BlackTeamCountry "RUS"]

1. e4 e5 2. Nf3 Nc6 3. Bc4 Nf6 4. d3 Be7 5. c3 0-0 6. Nbd2 d6 7. Bb3 Be6 8. Bc2 h6 9. h3 d5 10. 0-0 Qd7 11. Re1 dxe4 12. dxe4 Rad8 13. Qe2 a6 14. Nc4 Bxc4 15. Qxc4 Rfe8 16. Be3 Qe6 17. Qxe6 fxe6 18. b4 Nh5 19. g3 Nf6 20. a4 Bd6 21. Red1 Rf8 22. Kg2 Kf7 23. Bd3 Ke7 24. b5 Nb8 25. Nd2 Nfd7 26. Nc4 Nc5 27. Bc2 Nbd7 28. Rab1 axb5 29. Rxb5 b6 30. a5 bxa5 31. Nxa5 Ra8 32. Nc6+ Kf7 33. Bxc5 Nxc5 34. Nxe5+ Bxe5 35. Rxc5 Bd6 36. Rb5 e5 37. Bb3+ Ke7 38. Bd5 Rab8 39. Rdb1 Rxb5 40. Rxb5 g5 41. c4 Ba3 42. c5 Kd7 43. f3 Rf6 44. c6+ Ke7 45. Rb8 1-0

[Event "RUS-chT rapid"]
[Site "Sochi"]
[Date "2017.10.04"]
[Round "9.3"]
[White "Papenin, Nikolai"]
[Black "Shkurkin, Andrey"]
[Result "1-0"]
[WhiteElo "2334"]
[BlackElo "2191"]
[PlyCount "79"]
[EventDate "2017.10.03"]
[EventType "team-swiss (rapid)"]
[EventRounds "9"]
[EventCountry "RUS"]
[SourceTitle "EXT 2018"]
[Source "ChessBase"]
[SourceDate "2017.10.13"]
[SourceVersion "1"]
[SourceVersionDate "2017.10.13"]
[SourceQuality "1"]
[WhiteTeam "Our Crimea Republic of Crimea"]
[BlackTeam "Tula Region"]
[WhiteTeamCountry "RUS"]
[BlackTeamCountry "RUS"]

1. d4 d5 2. c4 e6 3. Nc3 c5 4. cxd5 exd5 5. Nf3 Nc6 6. g3 Nf6 7. Bg2 Be7 8. 0-0 0-0 9. dxc5 Bxc5 10. Bg5 d4 11. Bxf6 Qxf6 12. Ne4 Qe7 13. Nxc5 Qxc5 14. Rc1 Qd6 15. Qd2 Bg4 16. Rfd1 Rad8 17. h3 Bh5 18. g4 Bg6 19. Nh4 Rfe8 20. Nxg6 Qxg6 21. b4 h5 22. g5 h4 23. b5 Ne5 24. f4 Nd7 25. Qxd4 Nf8 26. Qf2 Rxd1+ 27. Rxd1 Qc2 28. Re1 Qxa2 29. Bxb7 Qb3 30. Bc6 Re3 31. Bf3 Re8 32. Qxh4 Ng6 33. Qg3 Qe3+ 34. Kh2 Nxf4 35. Bc6 Qxg3+ 36. Kxg3 Rxe2 37. Ra1 Ne6 38. Rxa7 Nd4 39. g6 Nxc6 40. Ra8+ 1-0

[Event "RUS-chT blitz"]
[Site "Sochi"]
[Date "2016.10.07"]
[Round "11.2"]
[White "Bologan, Viktor"]
[Black "Papenin, Nikolai"]
[Result "1-0"]
[WhiteElo "2640"]
[BlackElo "2334"]
[PlyCount "73"]
[EventDate "2016.10.07"]
[EventType "team-swiss (blitz)"]
[EventRounds "15"]
[EventCountry "RUS"]
[SourceTitle "EXT 2017"]
[Source "ChessBase"]
[SourceDate "2016.10.25"]
[SourceVersion "1"]
[SourceVersionDate "2016.10.25"]
[SourceQuality "1"]
[WhiteTeam "Malachite Sverdlovsk Region"]
[BlackTeam "Krymstar Crimea"]
[WhiteTeamCountry "RUS"]
[BlackTeamCountry "RUS"]

1. e4 e5 2. Nf3 Nc6 3. Bc4 Nf6 4. d3 Be7 5. 0-0 0-0 6. Re1 d6 7. a4 Be6 8. Nc3 Qd7 9. h3 h6 10. Bd2 Rad8 11. Nd5 Bxd5 12. exd5 Nd4 13. Nxd4 exd4 14. Qf3 a6 15. Qf4 Nxd5 16. Qxd4 Nf6 17. Qe3 Rfe8 18. Qf3 d5 19. Bb3 c6 20. Re2 Nh7 21. Rae1 Bg5 22. Ba5 Rc8 23. Qg4 f5 24. Rxe8+ Rxe8 25. Rxe8+ Qxe8 26. Qxf5 Bf6 27. c4 b6 28. Bxb6 Qe1+ 29. Kh2 Be5+ 30. f4 Bd6 31. cxd5 c5 32. Bxc5 Bxc5 33. d6+ Kh8 34. Qc8+ Nf8 35. Qxf8+ Kh7 36. Bg8+ Kg6 37. Qf7# 1-0

[Event "RUS-chT blitz"]
[Site "Sochi"]
[Date "2016.10.07"]
[Round "9.1"]
[White "Motylev, Alexander"]
[Black "Papenin, Nikolai"]
[Result "1-0"]
[WhiteElo "2663"]
[BlackElo "2334"]
[PlyCount "105"]
[EventDate "2016.10.07"]
[EventType "team-swiss (blitz)"]
[EventRounds "15"]
[EventCountry "RUS"]
[SourceTitle "EXT 2017"]
[Source "ChessBase"]
[SourceDate "2016.10.25"]
[SourceVersion "1"]
[SourceVersionDate "2016.10.25"]
[SourceQuality "1"]
[WhiteTeam "Moscow SHSM Legacy"]
[BlackTeam "Krymstar Crimea"]
[WhiteTeamCountry "RUS"]
[BlackTeamCountry "RUS"]

1. e4 e5 2. Nf3 Nc6 3. Bb5 a6 4. Ba4 Nf6 5. 0-0 b5 6. Bb3 Bc5 7. a4 Rb8 8. d3 d6 9. h3 h6 10. Re1 0-0 11. c3 Re8 12. Nbd2 d5 13. exd5 Nxd5 14. axb5 axb5 15. d4 Bb6 16. Nf1 e4 17. N3d2 Bf5 18. Ng3 Bg6 19. Ndxe4 b4 20. c4 Nxd4 21. cxd5 Nxb3 22. Qxb3 f5 23. Bxh6 fxe4 24. Be3 Bf7 25. Rad1 Re5 26. Bxb6 Rxb6 27. Rxe4 Rxd5 28. Rde1 Re5 29. Qf3 Bd5 30. Rxe5 Bxf3 31. Re8+ Qxe8 32. Rxe8+ Kf7 33. Rc8 Bd5 34. Rxc7+ Kf8 35. Nf5 Rc6 36. Rxc6 Bxc6 37. f3 Kf7 38. Kf2 Ba4 39. Nd4 Kf6 40. Ke3 Bd7 41. Ke4 g5 42. g4 Bc8 43. Kd5 Bb7+ 44. Kd6 Ba6 45. Kd5 Bf1 46. Nc2 Bg2 47. Ke4 Bxh3 48. Ne3 Ke6 49. Kd4 Kd6 50. b3 Ke6 51. Ke4 Kd6 52. Kf5 Kc5 53. Ke4 1-0